000 00342nam a2200133Ia 4500
008 231017s9999 xx 000 0 und d
082 _a625.84
082 _bSON
245 0 _aDamage Analysis in Asphalt Concrete Mixtures Based on Parameter Relationships
245 0 _cInjun Song
260 _bInjun Song
300 _c30cm
942 _cREP
999 _c604885
_d604885